| 000 | 00624nam a22002417a 4500 | ||
|---|---|---|---|
| 003 | URS | ||
| 005 | 20230307111405.0 | ||
| 008 | 200211b ||||| |||| 00| 0 eng d | ||
| 020 | _a0827327625 | ||
| 040 | _cURS | ||
| 050 |
_aTK 3283 _b.S63 1987 |
||
| 100 | _aSmith, Robert L. | ||
| 245 | _aElectrical wiring Industry | ||
| 250 | _a6th | ||
| 264 |
_aAlbany, New York _bDelmar publisher Inc. _cc1987 |
||
| 300 |
_avii, 156 p. _bill. |
||
| 336 |
_2rdacontent _atext |
||
| 337 |
_2rdamedia _aunmediated |
||
| 338 |
_2rdacarrier _avulome |
||
| 504 | _aInlcudes index. | ||
| 700 | _aHerman, Stephen L. | ||
| 942 |
_2lcc _cFR |
||
| 999 |
_c68534 _d68534 |
||